00427 2200181 4500001002100000005001500021008004100036020002200077035001900099041000700118082001100125090001100136100001500147700001900162245002600181260002500207650001300232INLIS00000000001010220241224113937241224||||||||| | ||| |||| || |  a978-602-8185-84-4 0010-1224010102 aid0 a782.43 a782.430 aAde Husnul0 aNurul Hadiyati00aLagu Rakyat Nusantara aBogorbHorizonc2010 0aKesenian